Größte Städte in Brandenburg (mit Karte) - Statistiken

Allgemein
  • Dieses Quiz wurde 7.497 mal gespielt
    6.065 seit der letzten Aktualisierung
  • Das Durchschnittsergebnis liegt bei 18 aus 50
Antworten auf der Karte
Die Antworten werden auf der Karte rot bzw. grün angezeigt, abhängig davon wie oft sie richtig erraten wurden.
 
Antwortstatistiken
Einwohner Kreis Stadt % Korrekt
183.154 Kreisfrei Potsdam
98%
98.359 Kreisfrei Cottbus
89%
72.461 Kreisfrei Brandenburg an der Havel
85%
56.679 Kreisfrei Frankfurt (Oder)
85%
46.555 Oberhavel Oranienburg
60%
38.283 Dahme-Spreewald Königs Wusterhausen
52%
42.054 Barnim Bernau bei Berlin
51%
41.103 Barnim Eberswalde
50%
31.002 Ostprignitz-Ruppin Neuruppin
47%
27.371 Potsdam-Mittelmark Teltow
46%
22.919 Oder-Spree Eisenhüttenstadt
45%
44.280 Havelland Falkensee
44%
32.120 Oder-Spree Fürstenwalde/Spree
43%
33.525 Uckermark Schwedt/Oder
43%
18.706 Uckermark Prenzlau
39%
13.937 Dahme-Spreewald Lübben (Spreewald)
38%
24.063 Havelland Rathenow
37%
16.682 Prignitz Wittenberge
37%
20.535 Teltow-Fläming Luckenwalde
36%
23.232 Oberspreewald-Lausitz Senftenberg
36%
26.767 Potsdam-Mittelmark Werder (Havel)
36%
27.119 Märkisch-Oderland Strausberg
35%
15.748 Elbe-Elster Finsterwalde
34%
15.761 Oberspreewald-Lausitz Lübbenau/Spreewald
34%
27.658 Teltow-Fläming Ludwigsfelde
33%
21.464 Spree-Neiße Spremberg
33%
16.377 Spree-Neiße Guben
32%
18.854 Havelland Nauen
32%
18.499 Dahme-Spreewald Schönefeld
32%
17.545 Spree-Neiße Forst (Lausitz)
30%
26.515 Oberhavel Hennigsdorf
30%
15.540 Uckermark Templin
30%
13.696 Uckermark Angermünde
27%
28.761 Teltow-Fläming Blankenfelde-Mahlow
26%
26.658 Oberhavel Hohen Neuendorf
25%
20.136 Potsdam-Mittelmark Kleinmachnow
25%
13.995 Ostprignitz-Ruppin Wittstock/Dosse
25%
20.130 Teltow-Fläming Zossen
25%
18.322 Märkisch-Oderland Hoppegarten
23%
13.930 Oberspreewald-Lausitz Lauchhammer
22%
14.011 Barnim Ahrensfelde
21%
23.657 Barnim Wandlitz
19%
15.983 Potsdam-Mittelmark Stahnsdorf
18%
20.658 Barnim Panketal
16%
15.611 Märkisch-Oderland Petershagen/Eggersdorf
16%
13.618 Potsdam-Mittelmark Michendorf
15%
18.941 Märkisch-Oderland Neuenhagen bei Berlin
15%
15.888 Märkisch-Oderland Rüdersdorf bei Berlin
15%
14.476 Märkisch-Oderland Fredersdorf-Vogelsdorf
13%
15.513 Oberhavel Mühlenbecker Land
12%
Keine übereinstimmenden Quizze gefunden
Verteilung der Resultate
Anzahl Personen mit jedem Resultat
Perzentil nach korrekt beantworteten Fragen
Ihre Resultats-Entwicklung
Sie haben dieses Quiz seit der letzten Aktualisierung nicht gespielt